• 首页
  • 本馆介绍
  • 公告通知
  • 最新文献
  • 馆藏检索
  • 电子资源
  • 读者导购
  • 参考咨询
  • 我的图书馆
  • 登录
  • 详细信息显示
  • 放入我的书架
  • 预约/预借图书
  • 作者相关作品
  • 分类相关作品
  • 丛书相关作品
  • 出版社相关作品

书目信息

  • 表格格式
  • 工作单格式
  • 卡片格式
题名:
人的起源
    
 
作者: 丹尼肯 著 ;石纪军 译
分册:  
出版信息: 北京   金城出版社  2013.10
页数: 267页
开本: 24cm
丛书名: 丹尼肯神秘文化系列丛书
单 册:
中图分类: Q981.1
科图分类:
主题词: 人类起源
电子资源:
ISBN: 978-7-5155-0296-0
000 01149oam2 2200325 450
001 0120131181125
005 20140611150516.92
010    @a978-7-5155-0296-0@dCNY39.80
100    @a20131127d2013 em y0chiy0110 ea
101 1  @achi@cger
102    @aCN@b110000
105    @aafk z 000yy
106    @ar
200 1  @a人的起源@9ren de qi yuan@dBeweise Lokaltermin In Fcnf Kontmenten@f(瑞士)埃里希·冯·丹尼肯(Erich von Daiken)著@g石纪军译@zger
210    @a北京@c金城出版社@d2013.10
215    @a267页@c图,图版(8页)@d24cm
225 2  @a丹尼肯神秘文化系列丛书
225 2  @a精典博维
305    @a经Erich von Daniken授权
330    @a本书共分为六章,主要内容包括:通过崎岖小路到达群星;宇宙的维度;神话的纪实报道;众神的肉身;创世开始;为未来辩护。
333    @a一般读者
461  0 @12001 @a丹尼肯神秘文化系列丛书
461  0 @12001 @a精典博维
510 1  @aBeweise Lokaltermin In Fcnf Kontmenten@zger
606 0  @a人类起源
690    @aQ981.1@v5
701  0 @c(瑞士)@a丹尼肯@9dan ni ken@c(Daiken, Erich von@f1935-)@4著
702  0 @a石纪军@9shi ji jun@4译
801  0 @aCN@b人天书店@c20131127
905    @b845433-35@dQ981.1@e32@f3
    
    人的起源=Beweise Lokaltermin In Fcnf Kontmenten/(瑞士)埃里希·冯·丹尼肯(Erich von Daiken)著/石纪军译.-北京:金城出版社,2013.10
    267页:图,图版(8页);24cm.-(丹尼肯神秘文化系列丛书).-(精典博维)
    使用对象:一般读者
    
    ISBN 978-7-5155-0296-0:CNY39.80
    本书共分为六章,主要内容包括:通过崎岖小路到达群星;宇宙的维度;神话的纪实报道;众神的肉身;创世开始;为未来辩护。
●
相关链接 在E读中查询图书 在五车中查询图书 在当当中查询图书 在豆瓣中查询图书


正题名:人的起源     索取号:Q981.1/32         预约/预借

序号 登录号 条形码 馆藏地/架位号 状态 备注
1 845433   208454331   第二样本阅览室/ [索取号:Q981.1/32] 在馆    
2 845434   208454340   第三借阅区/ [索取号:Q981.1/32] 在馆    
3 845435   208454359   第三借阅区/ [索取号:Q981.1/32] 在馆    
唐山师范学院图书馆 欢迎您!
大连网信软件有限公司© 版权所有